Ancient Greece / (Record no. 5386)

MARC details
000 -LEADER
fixed length control field 00874nam a22002777a 4500
001 - CONTROL NUMBER
control field 5386
003 - CONTROL NUMBER IDENTIFIER
control field FISKH
005 - DATE AND TIME OF LATEST TRANSACTION
control field 20241129152918.0
008 - FIXED-LENGTH DATA ELEMENTS--GENERAL INFORMATION
fixed length control field 241129b cb ||||| |||| 00| 0 eng d
020 ## - INTERNATIONAL STANDARD BOOK NUMBER
International Standard Book Number 9780531241073
040 ## - CATALOGING SOURCE
Original cataloging agency FISKH
Language of cataloging eng
Transcribing agency FISKH
Modifying agency FISKH
050 ## - LIBRARY OF CONGRESS CALL NUMBER
Classification number DF77.N47
082 ## - DEWEY DECIMAL CLASSIFICATION NUMBER
Classification number 938
100 ## - MAIN ENTRY--PERSONAL NAME
Personal name Newman, Sandra
245 ## - TITLE STATEMENT
Title Ancient Greece /
Statement of responsibility, etc. by Sandra Newman
260 ## - PUBLICATION, DISTRIBUTION, ETC.
Place of publication, distribution, etc. New York :
Name of publisher, distributor, etc. Children's Press ;
Date of publication, distribution, etc. 2010 .
300 ## - PHYSICAL DESCRIPTION
Extent 48 pages :
Other physical details color illustrations , maps ;
Dimensions 22 cm .
490 ## - SERIES STATEMENT
Series statement A True Book
505 ## - FORMATTED CONTENTS NOTE
Formatted contents note U <br/>
520 ## - SUMMARY, ETC.
Summary, etc. Provides information about ancient Greece, discussing government, gods, the Olympics, art, science, and other related topics.
521 8# - TARGET AUDIENCE NOTE
Target audience note 850 <br/>
Source Lexile <br/>
521 8# - TARGET AUDIENCE NOTE
Target audience note U <br/>
Source Raz-Plus <br/>
650 ## - SUBJECT ADDED ENTRY--TOPICAL TERM
Topical term or geographic name entry element Greece -Cilvilization-To 146 B.C.
Form subdivision Juvenile literature
942 ## - ADDED ENTRY ELEMENTS (KOHA)
Source of classification or shelving scheme Dewey Decimal Classification
Koha item type Books
Suppress in OPAC No
Holdings
Withdrawn status Lost status Source of classification or shelving scheme Damaged status Not for loan Collection Home library Current library Shelving location Date acquired Total Checkouts Full call number Barcode Date last seen Price effective from Koha item type
    Dewey Decimal Classification     Non-Fiction Footprints International School Library Network Toul Kork Campus Footprints International School Library Network Toul Kork Campus TTP Secondary Non-Fiction Bookshelves 11/29/2024   NEW 938 DF77.N47 FISSE00803 11/29/2024 11/29/2024 Books